Statistics for Atalanta - Manchester City Champions League 2019-20

Click here to take the quiz!

General Stats

  • This quiz has been taken 13 times
  • The average score is 16 of 29

Answer Stats

Player% Correct
Kyle Walker
92%
Raheem Sterling ¹
92%
Ederson
83%
Gabriel Jesus
83%
Bernardo Silva
83%
Benjamin Mendy
83%
Pep Guardiola
75%
Sergio Agüero
75%
Kevin De Bruyne
75%
Nicolás Otamendi
75%
Fernandinho
75%
Alejandro Gómez
67%
Riyad Mahrez
58%
Josip Iličić
58%
João Cancelo
58%
Gian Piero Gasperini
50%
İlkay Gündoğan
50%
Luis Muriel
42%
Hans Hateboer
42%
Marten de Roon
42%
Pierluigi Gollini
42%
Mario Pašalić ¹
42%
Remo Freuler
33%
Timothy Castagne
33%
Rafael Tolói
33%
José Luis Palomino
33%
Berat Djimsiti
25%
Ruslan Malinovskyi
8%
Claudio Bravo
8%

Score Distribution

Percentile by Number Answered

Percent of People with Each Score

Your Score History

You have not taken this quiz